Caricamento...

Progress in reproductive biology, Vol.3: Andrology

Dettagli Bibliografici
Autore principale: International Seminar on Reproductive Physiology and Sexual Endocrinology, Brussels
Natura: Printed Book
Pubblicazione: S Karger, Basel 1976
Soggetti:
LEADER 00596nam a2200193 4500
020
082 |a 571.8 INT-P.3 
100 |a International Seminar on Reproductive Physiology and Sexual Endocrinology, Brussels 
245 |a Progress in reproductive biology, Vol.3: Andrology 
250
260 |a S Karger, Basel  |c 1976 
300
490
500
590 |a PJ 
650 |a Developmental Biology-- Reproduction-- Growth 
942 |c BK 
999 |c 89697  |d 89697 
952 |0 0  |1 0  |4 0  |6 571_800000000000000_INTP_3  |7 0  |9 103165  |a ZGY  |b ZGY  |l 0  |o 571.8 INT-P.3  |p ZGY02233  |r 2019-09-25  |w 2019-09-25  |y BK